000
00304nam a2200133Ia 4500
005
20251222155206.0
008
251222s9999||||xx |||||||||||||| ||spa||
082
_a
ING. 01.2
100
_a
FLAMM, Jacqueline.
245
4
_a
The English Advantage
250
_a
1ra. ed.
264
_b
Harder
942
_c
LIB
999
_c
40109
_d
40109